000 01305nam a22002297a 4500
005 20140829145422.0
008 140829|2007 xxu||||| |||| 00| 0 ck spa d
041 _aspa
044 _ack
082 _a333.953
_bC71i
110 _aColombia
_bMinisterio de Minas y Energía
_bCentro de Investigación y Educación Popular-Cinep
_926157
245 _aInventario de semillas y especies trabajadas en la experiencia pedagógica de Finca Amazónica Sostenible:
_bMaterial de apoyo para personas interesadas en trabajar en el desarrollo amazónico sostenible de San Miguel, del Bajo Putumayo, hacia Colombia y el mundo
260 _aPutumayo, Colombia
_bMinisterio de Minas y Energía
_bEcopetrol S.A
_b INGEOMINAS
_bISAGEN
_bCentro de Investigación y Educación Popular-Cinep
_c2007
300 _a166 p.
_bIl.
_c28 cm.
504 _aIncluye referencias bibliográficas (pag 159-160)
650 4 _aPlantas útiles
_xCultivo
_z Putumayo (Dpt. Colombia)
_926158
650 4 _aProductos forestales
_xCultivo
_z Putumayo (Dpt. Colombia)
_926159
650 4 _aDesarrollo sostenible
_z Putumayo (Dpt. Colombia)
_926160
710 _aColombia
_bCentro de Investigación y Educación Popular-Cinep
_926161
710 _aColombia
_bProyecto SAN MIGUEL mira hacia Colombia y el mundo
_926162
942 _2ddc
_cLIBRO
999 _c8633
_d8633